Estudio sobre la Responsabilidad Social Empresarial en el Sector Molinos de Villavicencio / (Registro nro. 37027)

Detalles MARC
000 -CABECERA
Longitud fija campo de control 00947nam a22002417a 4500
003 - • IDENTIFICADOR DELl NÚMERO DE CONTROL
Identificador del número de control CO-ViMGA
005 - • FECHA Y HORA DE LA ÚLTIMA TRANSACCIÓN
Fecha y hora de la última transacción 20250801162558.0
008 - • CÓDIGOS DE INFORMACIÓN DE LONGITUD FIJA
Códigos de información de longitud fija 180516b ||||| |||| 00| 0 eng d
020 ## - • NÚMERO INTERNACIONAL NORMALIZADO PARA LIBROS
Número Internacional Normalizado para Libros (ISBN) 9789588004273
040 ## - FUENTE DE LA CATALOGACIÓN
Centro catalogador de origen CO-ViMGA
Lengua de catalogación spa
Centro transcriptor CO-ViMGA
082 04 - • NÚMERO DE LA CLASIFICACIÓN DECIMAL DEWEY
Número de clasificación (R) Fr658
Número del ítem c78
100 1# - • PUNTO DE ACCESO PRINCIPAL-NOMBRE DE PERSONA
Nombre de persona Cely Vargas, María Luisa
245 10 - • TITULO PROPIAMENTE DICHO
Título Estudio sobre la Responsabilidad Social Empresarial en el Sector Molinos de Villavicencio /
Mención de responsabilidad, etc. María Luisa Cely Vargas
300 ## - • DESCRIPCIÓN FÍSICA
Extensión 104 p.
Otras características físicas : il.; tbs; graf.
504 ## - • NOTA DE BIBLIOGRAFÍA, ETC
Nota de bibliografía, etc. Incluye Bibliografía e Indice
650 14 - • PUNTO DE ACCESO ADICIONAL DE MATERIA - TÉRMINO DE MATERIA
Término de materia o nombre geográfico como elemento inicial RESPONSABILIDAD SOCIAL DE LOS NEGOCIOS - VILLAVICENCIO (META) - COLOMBIA
650 14 - • PUNTO DE ACCESO ADICIONAL DE MATERIA - TÉRMINO DE MATERIA
Término de materia o nombre geográfico como elemento inicial EMPRESARIOS INDUSTRIALES - VILLAVICENCIO (META) - COLOMBIA
650 14 - • PUNTO DE ACCESO ADICIONAL DE MATERIA - TÉRMINO DE MATERIA
Término de materia o nombre geográfico como elemento inicial MOLINOS - INVESTIGACIONES - VILLAVICENCIO (META) COLOMBIA
942 ## - ENTRADA DE ELEMENTOS AGREGADOS (KOHA)
Fuente de clasificaión o esquema Dewey Decimal Classification
Koha [por defecto] tipo de item LIbro
Existencias
Perdido Fuente de clasificación o esquema Estado Físico No para préstamo Forma de adquisición Localización permanente Localización actual Fecha adquisición Coste, precio normal de compra Préstamos totales Signatura completa Código de barras Fecha última consulta Fecha del precio de reemplazo Tipo de item de Koha Localización en estanterías Número de copia Note pública
        Colección Fondo Patrimonial Biblioteca Pública Departamental Eduardo Carranza - Villavicencio Biblioteca Pública Departamental Eduardo Carranza - Villavicencio 05/31/2017     658.408 C24e ECA25738 11/26/2024 11/26/2024 LIbro Local Patrimonial Ej.3 19151 | 24486
        Colección Depósito Legal del Meta Biblioteca Pública Departamental Eduardo Carranza - Villavicencio Biblioteca Pública Departamental Eduardo Carranza - Villavicencio 04/21/2017     658.408 C24e ECA19220 11/26/2024 11/26/2024 LIbro Local Patrimonial Ej.2 19151 | 24484
        Colección Fondo Patrimonial Biblioteca Pública Departamental Eduardo Carranza - Villavicencio Biblioteca Pública Departamental Eduardo Carranza - Villavicencio 04/21/2017     658.408 C24e ECA25304 11/26/2024 11/26/2024 LIbro Local Patrimonial Ej.1 19151 | 24485
  Dewey Decimal Classification     Sala Especializada Tercer Piso Biblioteca Pública Germán Arciniegas - Villavicencio Biblioteca Pública Germán Arciniegas - Villavicencio 09/01/2019 5000.00   Fr658 c78 331358 05/16/2018 05/16/2018 LIbro      









Instituto Departamental de Cultura del Meta - Red Departamental de Bibliotecas Públicas del Meta.